Geografia per Lettere - N - Statistics

Statistiche generali
  • Questo quiz è stato fatto 205 volte
  • Il punteggio medio è 11 su 20
Statistiche sulle risposte
Categoria Risposta % Corretto
Provincia Italiana Napoli - Novara - Nuoro
94%
Stato Europeo Norvegia
91%
Città Italiana (100k+) Napoli - Novara
87%
Stato USA Nebraska - Nevada - New Hampshire - New Jersey - New York - Nuovo Messico
87%
Stato Asiatico Nepal
87%
Stato Africano Namibia - Niger - Nigeria
81%
Fiume (2000km+) Nelson - Niger - Nilo
78%
Continente Nord America
76%
Stato Oceaniano Nauru
74%
Capitale Africana N'Djamena - Nairobi - Niamey - Nouakchott
73%
Stato Nord Americano Nicaragua
69%
Regione Francese Normandia - Nuova Aquitania
53%
Capitale Asiatica Naypyidaw - Nicosia - Nuova Delhi
44%
Capitale Nord Americana Nassau
30%
Contea Inglese Northumberland - North Yorkshire - Nottinghamshire - Northamptonshire - Norfolk
23%
Capitale di uno Stato USA Nashville
17%
Capitale Oceaniana Ngerulmud - Nuku'alofa
17%
Provincia Canadese Nunavut - Nuova Scozia - Nuovo Brunswick
16%
Stato Australiano Nuovo Galles del Sud
16%
Valuta in Uso Nacfa - Naira - Ngultrum - Nuevo Sol
2%
Nessun quiz corrispondente trovato
Distribuzione punteggi
Percentuale di utenti per punteggio
Percentile per numero di risposta
I tuoi punteggi nel tempo
Non hai fatto questo quiz